| 000 | 01452cab a22003015a 4500 | ||
|---|---|---|---|
| 001 | L144864 | ||
| 008 | 080814s2008 xxk f 000 0 eng d | ||
| 035 | _a(Sirsi) u144864 | ||
| 041 | 0 | _aeng | |
| 100 | 1 | _aHarrison, John | |
| 245 | 0 | 0 | _aPlanning in London |
| 260 | _c2008 | ||
| 490 |
_aJournal of Planning and Environment Law _v(3) 2008, 251-264(14) |
||
| 520 | _aArticle takes a detailed look at planning law in London and explores whether or not the legislation in place is adequate for such a large and advanced city. Discusses the historical context; spatial development strategies and the role of the mayor in influencing planning and development - arguing that the mayor appears to largely circumvent the local planning authority. The authors also look at plan making and affordable housing development | ||
| 650 | 2 | 4 | _aPLANNING AND COMPULSORY PURCHASE ACT 2004 |
| 650 | 2 | 4 | _aTOWN AND COUNTRY PLANNING ACT 1947 |
| 650 | 2 | 4 | _aTOWN AND COUNTRY PLANNING ACT 1990 |
| 650 | 2 | 4 | _aTOWN AND COUNTRY PLANNING ACT 1990 S106 |
| 650 | 2 | 4 | _aGREATER LONDON AUTHORITY ACT 1999 |
| 650 | 2 | 4 | _aGREATER LONDON AUTHORITY ACT 2007 |
| 650 | 2 | 4 | _aTOWN AND COUNTRY PLANNING (MAYOR OF LONDON) ORDER 2008 |
| 650 | 2 | 4 | _aHOUSING ACT 1996 S18 |
| 650 | 2 | 4 | _aHOUSING ACT 1996 S27A |
| 651 | 4 |
_aEngland and Wales _y1543- |
|
| 690 | _aENVIRONMENTAL AND LAND CONSULTANCY-PLANNING AND DEVELOPMENT-PLANNING GUIDANCE | ||
| 700 | 1 | _aThomas, Emyr | |
| 942 | _n0 | ||
| 999 |
_c80620 _d80620 |
||